000 00423nam a2200181Ia 4500
001 13907
005 20260306164835.0
008 260306t2009||||xx |||||||||||||| ||spa||
041 _aESP
082 _a005.43U
_bG77
100 _aGrant, Rickford
_eAUT
245 0 _aManual imprescindible Ubuntu
260 _c2009
300 _a416 páginas :
_c22 cm.
650 _aGEN
654 _aCCC
942 _cLIB
_dJUS
_fJUS
_2ddc
_n
999 _c13907
_d13907